Szczegóły MARC21

Encyklopedia polityczna. T. 2, Myśl polityczna starożytności : od najdawniejszych czasów do narodzenia Chrystusa /

005 -DATA I CZAS OSTATNIEJ MODYFIKACJI [,]
    • @
    • pole kontrolne
    • 20090806141720.0
020 -Międzynarod. znormalizowany nr książki - ISBN [ , ]
    • a
    • Numer ISBN
    • 9788375570205 Find
020 -Międzynarod. znormalizowany nr książki - ISBN [ , ]
    • a
    • Numer ISBN
    • 9788375570267 (t. 2) Find
040 -Instytucja sporządzająca opis [ , ]
    • a
    • Instytucja, która sporządziła opis (NP)
    • SZCZ U/KLR
    • c
    • Instytucja, która sporządziła rekord (NP)
    • SZCZ U/KLR
    • d
    • Instytucja, która zmodyfikowała rekord (P)
    • SZCZ U/RJ
041 -Język dokumentu [0, ]
    • a
    • Język tekstu (P)
    • polski
044 -Kraj miejsca wydania [ , ]
    • a
    • Kraj miejsca wydania
    • Polska
942 -Rodzaj dokumentu [ , ]
    • c
    • Rodzaj dokumentu
    • Książka
245 -Strefa tytułu i oznaczenia odpowiedzialności [0,0]
    • a
    • Tytuł
    • Encyklopedia polityczna. Find
    • c
    • Pozostałe elementy strefy tytułu i oznaczenia odpowiedzialności (NP)
    • red. nauk. Jacek Bartyzel.
    • n
    • Oznaczenie części (P)
    • T. 2,
    • p
    • Nazwa części (P)
    • Myśl polityczna starożytności : od najdawniejszych czasów do narodzenia Chrystusa /
246 -Wariant tytułu [3, ]
    • a
    • Tytuł (NP)
    • Myśl polityczna starożytności :
    • b
    • Ciąg dalszy tytułu (NP)
    • od najdawniejszych czasów do narodzenia Chrystusa
260 -Strefa adresu wydawniczego [ , ]
    • a
    • Miejsce wydania (P)
    • Radom :
    • b
    • Nazwa wydawcy (P)
    • Polskie Wydawnictwo Encyklopedyczne-Polwen,
    • c
    • Data wydania (P)
    • 2009.
300 -Strefa opisu fizycznego [ , ]
    • a
    • Określenie formy książki i/lub objętość (NP)
    • 598 s. ;
    • c
    • Format (NP)
    • 24 cm.
504 -Uwaga dot. bibliogr. załącznikowej [ , ]
    • a
    • Uwaga dot. bibliografii załącznikowej
    • Bibliogr.
080 -Uniwersalna Klasyfikacja Dziesiętna [ , ]
    • 2
    • Identyfikator wydania tablic
    • UDC-P058
    • a
    • Symbol klasyfikacji
    • 32
    • b
    • Dopowiedzenie
    • Nauki polityczne. Polityka.
    • x
    • Poddział wspólny
    • (03)
    • b
    • Dopowiedzenie
    • (Encyklopedie. Słowniki encyklopedyczne. Wydawnictwa informacyjne).
980 -Symbol UKD [ , ]
    • a
    • UKD
    • 32(03)
700 -Hasło dodatkowe - nazwa osobowa [1, ]
    • a
    • Nazwa osobowa (NP)
    • Bartyzel, Jacek Find
    • d
    • Daty biograficzne (NP)
    • (1956-).
    • e
    • Określenie rodzaju współpracy
    • Red.
920 -ISBN [ , ]
    • a
    • ISBN
    • 978-83-7557-020-5 Find
920 -ISBN [ , ]
    • a
    • ISBN
    • 978-83-7557-026-7 (t. 2) Find
Numer inwentarzowy Status udost. Data inwentaryzacji Lokalizacja
Z.11328712009-07-29BG